[Event "32nd olimpiad"]
[Site "Yerevan"]
[Date "1996.09.16"]
[Round "1"]
[White "Mohandesi, Shahin"]
[Black "Chatalbashev, Boris"]
[Result "0-1"]
[WhiteElo "2355"]
[WhiteTitle "FM"]
[BlackElo "2490"]
[BlackTitle "IM"]
[WhiteTeam "Belgium"]
[BlackTeam "Bulgaria"]
[Board "4"]
[Source "OlimpBase"]
[EventDate "1996.09.15"]
[PlyCount "160"]

1. Nf3 g6 2. d4 Bg7 3. c4 c5 4. d5 Nf6 5. Nc3 O-O 6. e4 d6 7. Be2 e6 8. dxe6
Bxe6 9. O-O Nc6 10. Bf4 Qa5 11. Qd2 Bg4 12. Rfd1 Rad8 13. Bg5 Rde8 14. Qf4 Bxf3
15. Bxf3 Nd7 16. Bh6 Nde5 17. Bxg7 Kxg7 18. Be2 Nd4 19. Bf1 f5 20. Qc1 fxe4
21. Nxe4 Nef3+ 22. gxf3 Nxf3+ 23. Kh1 Rxe4 24. Bg2 Re6 25. Bxf3 Rxf3 26. Qd2
Qxd2 27. Rxd2 Kf7 28. Rad1 Ke7 29. Kg2 Rf5 30. Rd3 Kd7 31. R1d2 Kc6 32. b3 a6
33. a4 h6 34. Rh3 g5 35. Rhd3 Rff6 36. Kg3 b5 37. axb5+ axb5 38. cxb5+ Kxb5
39. h4 gxh4+ 40. Kxh4 Kc6 41. Kg3 Re4 42. f3 Rb4 43. Ra2 Rb6 44. Ra8 Kb5 45. f4
Rb7 46. Rd8 Rg7+ 47. Kf3 Kc6 48. Rc8+ Kb7 49. Rd8 Kc7 50. Ra8 Rg1 51. Ra4 h5
52. Ra7+ Kc6 53. Ra6+ Kc7 54. Ra7+ Kb6 55. Rh7 Rh1 56. Kg3 Kc6 57. Rf3 Rf5
58. Rd3 d5 59. Rh6+ Kb5 60. Rh8 Rg1+ 61. Kh2 Rg4 62. Rb8+ Kc6 63. Rc8+ Kb6
64. Re3 Rh4+ 65. Kg3 Rhxf4 66. Re6+ Kb7 67. Rxc5 Rf3+ 68. Kg2 Rxb3 69. Rd6 Rd3
70. Rh6 Rf7 71. Rxh5 Rd7 72. Rh6 Rb3 73. Kf2 d4 74. Rc1 Rb2+ 75. Kf3 Rb3+
76. Kf4 d3 77. Rd1 d2 78. Rh2 Rbd3 79. Re2 Kc6 80. Re3 Kc5 0-1

[Event "32nd olimpiad"]
[Site "Yerevan"]
[Date "1996.09.17"]
[Round "2"]
[White "Farley, Terry"]
[Black "Geenen, Marc"]
[Result "1/2-1/2"]
[WhiteElo "2230"]
[BlackElo "2330"]
[BlackTitle "FM"]
[WhiteTeam "Barbados"]
[BlackTeam "Belgium"]
[Board "4"]
[Source "OlimpBase"]
[EventDate "1996.09.15"]
[PlyCount "54"]

1. e4 e5 2. f4 Bc5 3. Nf3 d6 4. Nc3 Nf6 5. Bc4 Nc6 6. d3 Bg4 7. Bb5 O-O
8. Bxc6 bxc6 9. Na4 Nd7 10. Nxc5 Nxc5 11. fxe5 dxe5 12. Be3 Ne6 13. h3 Bxf3
14. Qxf3 Rb8 15. b3 Nd4 16. Qf2 f5 17. O-O fxe4 18. Qxf8+ Qxf8 19. Rxf8+ Rxf8
20. Bxd4 exd4 21. dxe4 Rf4 22. c3 c5 23. cxd4 cxd4 24. Rc1 Rxe4 25. Rxc7 d3
26. Rd7 Re2 27. Rxd3 Rxa2 1/2-1/2

[Event "32nd olimpiad"]
[Site "Yerevan"]
[Date "1996.09.18"]
[Round "3"]
[White "Hamdouchi, Hichem"]
[Black "Claesen, Pieter"]
[Result "1/2-1/2"]
[WhiteElo "2495"]
[WhiteTitle "GM"]
[BlackElo "2410"]
[BlackTitle "FM"]
[WhiteTeam "Morocco"]
[BlackTeam "Belgium"]
[Board "1"]
[Source "OlimpBase"]
[EventDate "1996.09.15"]
[PlyCount "30"]

1. e4 e6 2. d4 d5 3. Nc3 Bb4 4. Bd3 dxe4 5. Bxe4 Nf6 6. Bd3 Nbd7 7. a3 Be7
8. Qe2 c5 9. dxc5 Nxc5 10. Bc4 a6 11. Nf3 Qc7 12. a4 b6 13. O-O O-O 14. Re1 Bd6
15. Bg5 Bb7 1/2-1/2

[Event "32nd olimpiad"]
[Site "Yerevan"]
[Date "1996.09.18"]
[Round "3"]
[White "Elbilia, Jacques"]
[Black "Dutreeuw, Marc"]
[Result "1/2-1/2"]
[WhiteElo "2350"]
[WhiteTitle "FM"]
[BlackElo "2390"]
[BlackTitle "FM"]
[WhiteTeam "Morocco"]
[BlackTeam "Belgium"]
[Board "3"]
[Source "OlimpBase"]
[EventDate "1996.09.15"]
[PlyCount "63"]

1. d4 d5 2. c4 e6 3. Nc3 Be7 4. cxd5 exd5 5. Bf4 Nf6 6. e3 Bf5 7. Nge2 O-O
8. Ng3 Be6 9. Bd3 Re8 10. O-O c6 11. Rb1 a5 12. a3 Nbd7 13. Qc2 g6 14. Rfc1 Bf8
15. h3 Rc8 16. Na4 b5 17. Nc5 Nxc5 18. dxc5 a4 19. Qc3 Nd7 20. Qd4 Bg7 21. Qb4
Ne5 22. Rd1 Nxd3 23. Rxd3 Qf6 24. Rd2 Bf5 25. Rbd1 Ra8 26. Bd6 h5 27. Re1 h4
28. Nxf5 gxf5 29. f3 d4 30. e4 fxe4 31. fxe4 Qg5 32. e5 1/2-1/2

[Event "32nd olimpiad"]
[Site "Yerevan"]
[Date "1996.09.18"]
[Round "3"]
[White "Mohandesi, Shahin"]
[Black "Arbouche, Muhamed"]
[Result "1-0"]
[WhiteElo "2355"]
[WhiteTitle "FM"]
[BlackElo "2265"]
[BlackTitle "FM"]
[WhiteTeam "Belgium"]
[BlackTeam "Morocco"]
[Board "4"]
[Source "OlimpBase"]
[EventDate "1996.09.15"]
[PlyCount "109"]

1. Nf3 f5 2. c4 Nf6 3. g3 g6 4. Bg2 Bg7 5. O-O O-O 6. Nc3 d6 7. d4 Qe8 8. b3
e5 9. dxe5 Ng4 10. Bb2 Nxe5 11. Qd2 Na6 12. Nb5 Qe7 13. Nxe5 Bxe5 14. b4 Bxb2
15. Qxb2 c6 16. Na3 Bd7 17. e3 Nc7 18. Rfd1 Be6 19. Rac1 a6 20. Nb1 d5 21. c5
Rf7 22. Nd2 Re8 23. Nf3 Bc8 24. a4 g5 25. Nd4 f4 26. exf4 gxf4 27. Qd2 fxg3
28. hxg3 Qf6 29. Re1 Ref8 30. Rc2 Ne6 31. Nxe6 Bxe6 32. Qe3 Bf5 33. Rd2 Qg6
34. Qd4 Bg4 35. b5 axb5 36. axb5 h5 37. Qe5 Rf6 38. Qc7 Re6 39. Re5 Qf6 40. f4
Rfe8 41. Rg5+ Kh8 42. Qxb7 Re1+ 43. Kh2 R1e2 44. Rxe2 Rxe2 45. Re5 Rxe5
46. Qb8+ Kg7 47. Qxe5 Qxe5 48. fxe5 cxb5 49. Bxd5 Kf8 50. Kg2 b4 51. Kf2 Ke7
52. Ke3 Bd7 53. c6 Bf5 54. Kd4 Kd8 55. Kc5 1-0

[Event "32nd olimpiad"]
[Site "Yerevan"]
[Date "1996.09.19"]
[Round "4"]
[White "Claesen, Pieter"]
[Black "Aryanejad, Hossein"]
[Result "1-0"]
[WhiteElo "2410"]
[WhiteTitle "FM"]
[BlackElo "2340"]
[WhiteTeam "Belgium"]
[BlackTeam "Iran"]
[Board "1"]
[Source "OlimpBase"]
[EventDate "1996.09.15"]
[PlyCount "123"]

1. c4 Nf6 2. Nc3 g6 3. g3 Bg7 4. Bg2 O-O 5. e4 d6 6. Nge2 c5 7. d3 Nc6 8. O-O
Ne8 9. Be3 Nd4 10. Rb1 Bd7 11. b4 b6 12. f4 Nc7 13. h3 Rb8 14. Bf2 e5 15. b5
Qc8 16. Kh2 a6 17. a4 axb5 18. Nxd4 cxd4 19. Nxb5 Bxb5 20. axb5 Ne6 21. f5 Nc5
22. Be1 Ra8 23. Bb4 Ra2 24. h4 gxf5 25. Rxf5 f6 26. Qf3 Qd7 27. Bxc5 dxc5
28. g4 Qe7 29. Rf1 Raa8 30. Bh3 Bh6 31. g5 fxg5 32. Qh5 Bg7 33. hxg5 Qe8
34. Rxf8+ Bxf8 35. Qxe8 Rxe8 36. Rf6 Rb8 37. Be6+ Kh8 38. Kg3 Be7 39. Rf5 Re8
40. Bd5 Kg7 41. Kg4 Bd8 42. Rf7+ Kg6 43. Rf5 Kg7 44. Kh5 Re7 45. Rf6 Bc7
46. Kg4 Bd8 47. Kf5 Bc7 48. Be6 Bb8 49. Kg4 Bc7 50. Bd5 Bd8 51. Rd6 Bc7 52. Rc6
Kf8 53. Rf6+ Kg7 54. Kh5 Bd8 55. Rd6 Bc7 56. Rc6 Bd8 57. Rc8 Rd7 58. Rb8 h6
59. Bc6 Rd6 60. Rb7+ Kh8 61. g6 Bf6 62. Bd5 1-0

[Event "32nd olimpiad"]
[Site "Yerevan"]
[Date "1996.09.19"]
[Round "4"]
[White "Mamouri, Mehde"]
[Black "Cekro, Ekrem"]
[Result "1/2-1/2"]
[WhiteElo "2210"]
[WhiteTitle "FM"]
[BlackElo "2410"]
[BlackTitle "FM"]
[WhiteTeam "Iran"]
[BlackTeam "Belgium"]
[Board "2"]
[Source "OlimpBase"]
[EventDate "1996.09.15"]
[PlyCount "129"]

1. e4 g6 2. d4 Bg7 3. f4 d6 4. Nc3 Nf6 5. Nf3 O-O 6. e5 dxe5 7. dxe5 Qxd1+
8. Kxd1 Rd8+ 9. Ke1 Ne8 10. Bc4 Bf5 11. Bb3 Nc6 12. Be3 Na5 13. Nd4 Nxb3
14. axb3 Bc8 15. Nf3 a6 16. h3 f6 17. Ke2 Bd7 18. Bc5 Kf7 19. Kf2 Bc6 20. Rhe1
Bxf3 21. Kxf3 fxe5 22. fxe5 e6 23. Re2 Rd7 24. Bf2 h6 25. b4 Rad8 26. Bh4 g5
27. Bf2 Rd2 28. Bg3 Rxe2 29. Nxe2 Rd5 30. Nc3 Rd2 31. Rc1 Rd4 32. Na2 Rd2
33. Nc3 Bf8 34. Ne4 Rd5 35. c3 Ng7 36. Ke2 Kg6 37. Rf1 Be7 38. Bh2 a5 39. Nf6
Rb5 40. Ng8 Bd8 41. Rf8 Rd5 42. bxa5 Nh5 43. Nf6 Nxf6 44. exf6 Bxf6 45. Rg8+
Kf7 46. Rc8 Be5 47. Bxe5 Rxe5+ 48. Kd3 Rd5+ 49. Ke4 Rc5 50. Kd4 Rd5+ 51. Kc4
Rd7 52. b4 e5 53. Rh8 Kg7 54. Re8 Kf6 55. g4 c6 56. b5 cxb5+ 57. Kxb5 Rd1
58. Kb6 Rb1+ 59. Kc5 Ra1 60. Ra8 e4 61. Kd4 Ra4+ 62. Ke3 Rc4 63. Kd2 Ra4
64. Re8 Rxa5 65. Rxe4 1/2-1/2

[Event "32nd olimpiad"]
[Site "Yerevan"]
[Date "1996.09.19"]
[Round "4"]
[White "Mallahi, Amir"]
[Black "Geenen, Marc"]
[Result "1-0"]
[WhiteElo "2200"]
[WhiteTitle "FM"]
[BlackElo "2330"]
[BlackTitle "FM"]
[WhiteTeam "Iran"]
[BlackTeam "Belgium"]
[Board "4"]
[Source "OlimpBase"]
[EventDate "1996.09.15"]
[PlyCount "57"]

1. e4 e5 2. Nc3 Nc6 3. f4 exf4 4. Nf3 g5 5. Bc4 Bg7 6. O-O d6 7. d4 h6 8. g3
Bh3 9. Rf2 g4 10. Bxf4 gxf3 11. Qxf3 Bxd4 12. Bxf7+ Kd7 13. Qh5 Bxf2+ 14. Kxf2
Be6 15. Bxe6+ Kxe6 16. Qf5+ Ke7 17. Nd5+ Ke8 18. Qg6+ Kd7 19. Qf5+ Ke8 20. Qg6+
Kd7 21. Qg4+ Ke8 22. Qg7 Qd7 23. Qxh8 Qf7 24. Nxc7+ Kd7 25. Nxa8 Nf6 26. Rd1
Ne5 27. Qb8 Nfg4+ 28. Kg1 Nf3+ 29. Kh1 1-0

[Event "32nd olimpiad"]
[Site "Yerevan"]
[Date "1996.09.20"]
[Round "5"]
[White "Juswanto, Denny"]
[Black "Claesen, Pieter"]
[Result "1/2-1/2"]
[WhiteElo "2405"]
[WhiteTitle "FM"]
[BlackElo "2410"]
[BlackTitle "FM"]
[WhiteTeam "Indonesia"]
[BlackTeam "Belgium"]
[Board "1"]
[Source "OlimpBase"]
[EventDate "1996.09.15"]
[PlyCount "112"]

1. Nf3 Nf6 2. g3 d5 3. Bg2 Bf5 4. O-O Nbd7 5. c4 c6 6. b3 dxc4 7. bxc4 e5
8. d3 Bd6 9. Nc3 O-O 10. Rb1 Qc8 11. Be3 Ng4 12. Bd2 Re8 13. Nh4 Be6 14. Ne4
Be7 15. Nf3 Ngf6 16. Nxf6+ gxf6 17. Be3 Kh8 18. Qc2 Rg8 19. d4 Nb6 20. Nd2 Qc7
21. f4 exd4 22. Bxd4 Rad8 23. e3 Rd7 24. f5 Rxd4 25. exd4 Bc8 26. c5 Nd5
27. Rbe1 Re8 28. Nb3 Bf8 29. Qd2 Ne7 30. Qf4 Qxf4 31. Rxf4 Nxf5 32. Bh3 Nh6
33. Bxc8 Rxc8 34. Rxf6 Kg7 35. Rf4 f5 36. Rf3 Rd8 37. h3 Kg6 38. Kg2 Ng8
39. Re6+ Kf7 40. Re5 Ne7 41. g4 Bg7 42. Re2 Rd5 43. gxf5 Nxf5 44. Re4 h5
45. Re5 Bxe5 46. Rxf5+ Bf6 47. Rxd5 cxd5 48. Kf3 Ke6 49. Kf4 b6 50. cxb6 axb6
51. a4 Be7 52. Nc1 Bb4 53. Nd3 Bd2+ 54. Kf3 Kf5 55. Ne5 Bg5 56. Nc6 Ke6 1/2-1/2

[Event "32nd olimpiad"]
[Site "Yerevan"]
[Date "1996.09.20"]
[Round "5"]
[White "Dutreeuw, Marc"]
[Black "Barus, Cerdas"]
[Result "0-1"]
[WhiteElo "2390"]
[WhiteTitle "FM"]
[BlackElo "2410"]
[BlackTitle "IM"]
[WhiteTeam "Belgium"]
[BlackTeam "Indonesia"]
[Board "2"]
[Source "OlimpBase"]
[EventDate "1996.09.15"]
[PlyCount "74"]

1. e4 e5 2. Nf3 Nc6 3. Bb5 a6 4. Ba4 Nf6 5. O-O Be7 6. Re1 b5 7. Bb3 d6 8. c3
O-O 9. h3 Bb7 10. d4 Re8 11. Nbd2 Bf8 12. a4 h6 13. Bc2 exd4 14. cxd4 Nb4
15. Bb1 c5 16. d5 Nd7 17. Ra3 c4 18. Nd4 Qf6 19. N2f3 Nd3 20. Bxd3 b4 21. Ra1
cxd3 22. Qxd3 Nc5 23. Qc4 Nxe4 24. Nc6 Nc5 25. Bd2 Rxe1+ 26. Rxe1 a5 27. b3 Ba6
28. Qc2 Bd3 29. Qd1 Qf5 30. Nfd4 Qxd5 31. Re3 Bg6 32. Qe2 Ne6 33. Qb5 Be4
34. Qb6 Nxd4 35. Nxd4 Bxg2 36. Rg3 Be4 37. Bxh6 Qc5 0-1

[Event "32nd olimpiad"]
[Site "Yerevan"]
[Date "1996.09.20"]
[Round "5"]
[White "Ardiansyah, Haji"]
[Black "Weemaes, Ronald"]
[Result "1-0"]
[WhiteElo "2430"]
[WhiteTitle "GM"]
[BlackElo "2355"]
[BlackTitle "IM"]
[WhiteTeam "Iran"]
[BlackTeam "Belgium"]
[Board "3"]
[Source "OlimpBase"]
[EventDate "1996.09.15"]
[PlyCount "53"]

1. d4 Nf6 2. c4 c5 3. d5 b5 4. cxb5 a6 5. bxa6 Bxa6 6. Nc3 d6 7. Nf3 g6 8. Nd2
Bg7 9. e4 Bxf1 10. Nxf1 O-O 11. Ne3 Nbd7 12. O-O Qa5 13. Qc2 Rfb8 14. Bd2 Qa6
15. h3 Ne5 16. a4 Qd3 17. Rfc1 Nfd7 18. Ra3 Qxc2 19. Rxc2 Nd3 20. Nc4 N7e5
21. Nxe5 Bxe5 22. b3 Bd4 23. Nd1 Rb7 24. a5 Rb5 25. Rc4 Kf8 26. Kf1 Nb2
27. Rxd4 1-0

[Event "32nd olimpiad"]
[Site "Yerevan"]
[Date "1996.09.20"]
[Round "5"]
[White "Mohandesi, Shahin"]
[Black "Kurniawan, Bobby"]
[Result "0-1"]
[WhiteElo "2355"]
[WhiteTitle "FM"]
[BlackElo "2405"]
[BlackTitle "FM"]
[WhiteTeam "Belgium"]
[BlackTeam "Indonesia"]
[Board "4"]
[Source "OlimpBase"]
[EventDate "1996.09.15"]
[PlyCount "68"]

1. d4 Nf6 2. Nf3 e6 3. c4 c5 4. d5 exd5 5. cxd5 d6 6. Nc3 g6 7. e4 a6 8. a4
Bg4 9. Be2 Bg7 10. Nd2 Bxe2 11. Qxe2 O-O 12. O-O Nbd7 13. Nc4 Nb6 14. Nxb6 Qxb6
15. a5 Qc7 16. Bd2 Rfe8 17. f3 Nd7 18. Qd1 c4 19. Be3 Nc5 20. Bxc5 Qxc5+
21. Kh1 b5 22. axb6 Qxb6 23. Qe2 Reb8 24. Ra2 Qb3 25. Rc1 a5 26. f4 Bxc3
27. bxc3 Qxc3 28. Rac2 Qd3 29. Kg1 a4 30. Kf2 a3 31. Qxd3 cxd3 32. Ra2 Rb2+
33. Rxb2 axb2 34. Rb1 d2 0-1

[Event "32nd olimpiad"]
[Site "Yerevan"]
[Date "1996.09.21"]
[Round "6"]
[White "Moussa, Othman"]
[Black "Cekro, Ekrem"]
[Result "1/2-1/2"]
[WhiteElo "2310"]
[BlackElo "2410"]
[BlackTitle "FM"]
[WhiteTeam "United Arabian Emirates"]
[BlackTeam "Belgium"]
[Board "1"]
[Source "OlimpBase"]
[EventDate "1996.09.15"]
[PlyCount "22"]

1. d4 Nf6 2. c4 e6 3. Nc3 Bb4 4. e3 O-O 5. Bd3 c5 6. Ne2 cxd4 7. exd4 d5
8. O-O dxc4 9. Bxc4 Nc6 10. Bg5 Be7 11. Qd2 a6 1/2-1/2

[Event "32nd olimpiad"]
[Site "Yerevan"]
[Date "1996.09.21"]
[Round "6"]
[White "Dutreeuw, Marc"]
[Black "Saud, Mohamed"]
[Result "1-0"]
[WhiteElo "2390"]
[WhiteTitle "FM"]
[BlackElo "2150"]
[WhiteTeam "Belgium"]
[BlackTeam "United Arabian Emirates"]
[Board "2"]
[Source "OlimpBase"]
[EventDate "1996.09.15"]
[PlyCount "91"]

1. e4 g6 2. d4 Bg7 3. Nf3 d6 4. c3 Nf6 5. Bd3 O-O 6. O-O e5 7. dxe5 dxe5
8. Nxe5 Nxe4 9. Nxf7 Qe7 10. Bxe4 Qxf7 11. Bd5 Be6 12. Bxb7 Nd7 13. Bxa8 Rxa8
14. Nd2 Ne5 15. Ne4 Bc4 16. b3 Bxf1 17. Qxf1 Qd5 18. f3 Nd3 19. Bg5 Bxc3
20. Rd1 Bd4+ 21. Kh1 Qxe4 22. fxe4 Nf2+ 23. Qxf2 Bxf2 24. g3 Re8 25. Kg2 Bc5
26. Rd8 Rxd8 27. Bxd8 Bd6 28. Bg5 Bc5 29. Kf3 Bb4 30. Ke3 Kf7 31. Kd4 Ke6
32. Kc4 Bf8 33. Kb5 Ke5 34. Bf4+ Kxe4 35. Bxc7 Kf3 36. Bb8 Kg2 37. Bxa7 Bd6
38. Kc6 Be5 39. a4 Kxh2 40. a5 Kxg3 41. a6 h5 42. Bc5 h4 43. a7 h3 44. a8=Q h2
45. Kd7 g5 46. Ke6 1-0

[Event "32nd olimpiad"]
[Site "Yerevan"]
[Date "1996.09.21"]
[Round "6"]
[White "Saleh, Jassim"]
[Black "Weemaes, Ronald"]
[Result "0-1"]
[WhiteElo "2190"]
[BlackElo "2355"]
[BlackTitle "IM"]
[WhiteTeam "United Arabian Emirates"]
[BlackTeam "Belgium"]
[Board "3"]
[Source "OlimpBase"]
[EventDate "1996.09.15"]
[PlyCount "66"]

1. e4 c5 2. f4 d5 3. exd5 Qxd5 4. Nc3 Qd8 5. Bc4 Nf6 6. Nf3 e6 7. O-O Be7
8. d3 Nc6 9. a3 O-O 10. Kh1 a6 11. Ne5 Qc7 12. Nxc6 Qxc6 13. a4 Rd8 14. Qe2 Bf8
15. Bd2 b6 16. Rf3 Rb8 17. Raf1 b5 18. axb5 axb5 19. Ba2 Ra8 20. Bb1 b4 21. Nd1
c4 22. Rg3 Ra1 23. Nf2 c3 24. bxc3 bxc3 25. Be3 Rd5 26. Rg5 Bb7 27. Ng4 Nxg4
28. Qxg4 f5 29. Qg3 Rb5 30. Qe1 Be7 31. Rg3 Bh4 32. Bd4 Bxg3 33. Qxg3 Qd7 0-1

[Event "32nd olimpiad"]
[Site "Yerevan"]
[Date "1996.09.21"]
[Round "6"]
[White "Geenen, Marc"]
[Black "Moussa, Taleb"]
[Result "1-0"]
[WhiteElo "2330"]
[WhiteTitle "FM"]
[BlackElo "2260"]
[BlackTitle "IM"]
[WhiteTeam "Belgium"]
[BlackTeam "United Arabian Emirates"]
[Board "4"]
[Source "OlimpBase"]
[EventDate "1996.09.15"]
[PlyCount "59"]

1. e4 c5 2. Nf3 Nc6 3. d4 cxd4 4. Nxd4 Nf6 5. Nc3 d6 6. Be3 g6 7. f3 Bg7
8. Qd2 O-O 9. Bc4 a6 10. O-O-O Nxd4 11. Bxd4 b5 12. Bb3 a5 13. h4 b4 14. Nd5 e6
15. Bb6 Qd7 16. Nxf6+ Bxf6 17. Qxd6 Qb5 18. Bd4 Bxd4 19. Qxd4 Ba6 20. Qf6 Qh5
21. Rd7 a4 22. Bxe6 Qh6+ 23. Kb1 fxe6 24. Qxe6+ Kh8 25. Qe5+ Kg8 26. g4 Rfe8
27. Qd5+ Kh8 28. g5 Qf8 29. h5 Rad8 30. hxg6 1-0

[Event "32nd olimpiad"]
[Site "Yerevan"]
[Date "1996.09.23"]
[Round "7"]
[White "Claesen, Pieter"]
[Black "Brasó Brasó, Jorge"]
[Result "0-1"]
[WhiteElo "2410"]
[WhiteTitle "FM"]
[BlackElo "2245"]
[WhiteTeam "Belgium"]
[BlackTeam "Uruguay"]
[Board "1"]
[Source "OlimpBase"]
[EventDate "1996.09.15"]
[PlyCount "140"]

1. c4 Nf6 2. Nc3 g6 3. g3 Bg7 4. Bg2 d6 5. e3 O-O 6. Nge2 e5 7. O-O c6 8. d3
a5 9. b3 Na6 10. Bb2 Qe7 11. Na4 Qc7 12. Rc1 Re8 13. Qd2 Nc5 14. Nec3 Bf5
15. e4 Bd7 16. Rce1 Ne6 17. Ne2 Rad8 18. h3 Bc8 19. Rc1 Nc5 20. Nac3 Nh5 21. d4
Ne6 22. Nd5 Qb8 23. Ne3 Qa7 24. Rcd1 Ng5 25. Ng4 Ne6 26. d5 cxd5 27. Qxd5 f5
28. exf5 gxf5 29. Ne3 Nf6 30. Qd2 Nc5 31. Nc3 Be6 32. Kh2 b6 33. Qc2 e4
34. Ncd5 Bxd5 35. Nxd5 Nxd5 36. Rxd5 Be5 37. Bxe5 dxe5 38. Qd1 Rxd5 39. Qxd5+
Qf7 40. Qd2 f4 41. Re1 e3 42. fxe3 f3 43. Rf1 e4 44. h4 Qf6 45. Bh3 Rd8 46. Qc1
Rd3 47. Re1 Qd6 48. Rg1 Rd2+ 49. Kh1 f2 50. Rf1 Qxg3 51. Bf5 Qxh4+ 52. Kg2 Qg5+
53. Kh2 Qxe3 54. a3 Nd3 55. Be6+ Kf8 56. Qc3 Qf4+ 57. Kh3 Qh6+ 58. Kg3 Qg5+
59. Bg4 Ne5 60. Rxf2+ Rxf2 61. Kxf2 Nxg4+ 62. Ke2 Ne5 63. c5 Qg2+ 64. Kd1 Qg1+
65. Ke2 Qxc5 66. Qd2 Qb5+ 67. Kf2 Nd3+ 68. Kg2 Qe5 69. Qe3 Qb2+ 70. Kh3 Qf6 0-1

[Event "32nd olimpiad"]
[Site "Yerevan"]
[Date "1996.09.23"]
[Round "7"]
[White "Curi Milia, Gabriel"]
[Black "Weemaes, Ronald"]
[Result "1/2-1/2"]
[WhiteElo "2310"]
[BlackElo "2355"]
[BlackTitle "IM"]
[WhiteTeam "Uruguay"]
[BlackTeam "Belgium"]
[Board "2"]
[Source "OlimpBase"]
[EventDate "1996.09.15"]
[PlyCount "22"]

1. e4 c5 2. Nf3 Nc6 3. d4 cxd4 4. Nxd4 g6 5. Be3 Bg7 6. Nc3 Nf6 7. Nb3 d6
8. Be2 O-O 9. f4 a6 10. Bf3 e5 11. a4 exf4 1/2-1/2

[Event "32nd olimpiad"]
[Site "Yerevan"]
[Date "1996.09.23"]
[Round "7"]
[White "Geenen, Marc"]
[Black "Escofet Fernández, Jaime"]
[Result "1/2-1/2"]
[WhiteElo "2330"]
[WhiteTitle "FM"]
[BlackElo "2215"]
[WhiteTeam "Belgium"]
[BlackTeam "Uruguay"]
[Board "3"]
[Source "OlimpBase"]
[EventDate "1996.09.15"]
[PlyCount "48"]

1. e4 c6 2. d4 d5 3. Nc3 dxe4 4. Nxe4 Bf5 5. Nc5 b6 6. Nb3 e6 7. Nf3 Bd6 8. g3
Nf6 9. Bg2 Qc7 10. O-O O-O 11. Qe2 Nbd7 12. Re1 Rac8 13. Ne5 c5 14. Nxd7 Nxd7
15. dxc5 Nxc5 16. Nd4 Bg6 17. Nb5 Qe7 18. Nxd6 Qxd6 19. Bf4 Qe7 20. Rad1 Rfd8
21. b3 h6 22. Be5 Rxd1 23. Rxd1 Rd8 24. f4 Rxd1+ 1/2-1/2

[Event "32nd olimpiad"]
[Site "Yerevan"]
[Date "1996.09.23"]
[Round "7"]
[White "Pichuaga Contreras, Juan Pablo"]
[Black "Mohandesi, Shahin"]
[Result "0-1"]
[WhiteElo "2180"]
[BlackElo "2355"]
[BlackTitle "FM"]
[WhiteTeam "Uruguay"]
[BlackTeam "Belgium"]
[Board "4"]
[Source "OlimpBase"]
[EventDate "1996.09.15"]
[PlyCount "26"]

1. e4 c5 2. Nf3 Nc6 3. d4 cxd4 4. Nxd4 Nf6 5. Nc3 d6 6. Bc4 Qb6 7. Ndb5 a6
8. Be3 Qa5 9. Nd4 Nxe4 10. Nb3 Nxc3 11. Bxf7+ Kxf7 12. Qd3 Qb5 13. Qxc3 Qb4 0-1

[Event "32nd olimpiad"]
[Site "Yerevan"]
[Date "1996.09.24"]
[Round "8"]
[White "Bouaziz, Slim"]
[Black "Cekro, Ekrem"]
[Result "1/2-1/2"]
[WhiteElo "2410"]
[WhiteTitle "GM"]
[BlackElo "2410"]
[BlackTitle "FM"]
[WhiteTeam "Tunisia"]
[BlackTeam "Belgium"]
[Board "1"]
[Source "OlimpBase"]
[EventDate "1996.09.15"]
[PlyCount "20"]

1. d4 Nf6 2. Nf3 b6 3. g3 Bb7 4. Bg2 c5 5. c3 e6 6. O-O Be7 7. Bg5 O-O 8. Nbd2
d5 9. Ne5 Nbd7 10. Ndf3 Nxe5 1/2-1/2

[Event "32nd olimpiad"]
[Site "Yerevan"]
[Date "1996.09.24"]
[Round "8"]
[White "Dutreeuw, Marc"]
[Black "Doghri, Nabil"]
[Result "1-0"]
[WhiteElo "2390"]
[WhiteTitle "FM"]
[BlackElo "2350"]
[WhiteTeam "Belgium"]
[BlackTeam "Tunisia"]
[Board "2"]
[Source "OlimpBase"]
[EventDate "1996.09.15"]
[PlyCount "103"]

1. e4 c5 2. Nf3 Nc6 3. d4 cxd4 4. Nxd4 e5 5. Nb5 Nf6 6. N1c3 d6 7. Bg5 a6
8. Na3 b5 9. Nd5 Be7 10. Bxf6 Bxf6 11. c3 O-O 12. h4 Be6 13. Nc2 Bxd5 14. Qxd5
Ne7 15. Qb3 d5 16. exd5 Qxd5 17. Qxd5 Nxd5 18. g3 Rad8 19. Bg2 Nb6 20. Nb4 Na4
21. Rb1 e4 22. Ke2 a5 23. Nc6 Rd6 24. Nxa5 Bxc3 25. bxc3 Nxc3+ 26. Ke3 f5
27. Kf4 Rd2 28. Rbf1 g6 29. h5 Kg7 30. hxg6 hxg6 31. Kg5 Rd5 32. f4 Rd3 33. Rh3
Ne2 34. Rfh1 Rxg3+ 35. Rxg3 Nxg3 36. Rc1 e3 37. Rc7+ Rf7 38. Rxf7+ Kxf7 39. Nc6
e2 40. Ne5+ Kg7 41. Nd3 Nf1 42. Bf3 Nd2 43. Bxe2 Ne4+ 44. Kh4 Nc3 45. Nc1 Kf6
46. Bd3 Nd5 47. Ne2 Nb4 48. Bb1 Kg7 49. Nc3 Kf6 50. a3 Na6 51. Nxb5 Nc5 52. Nd4
1-0

[Event "32nd olimpiad"]
[Site "Yerevan"]
[Date "1996.09.24"]
[Round "8"]
[White "Kaabi, Mejdi"]
[Black "Geenen, Marc"]
[Result "1-0"]
[WhiteElo "2395"]
[WhiteTitle "IM"]
[BlackElo "2330"]
[BlackTitle "FM"]
[WhiteTeam "Tunisia"]
[BlackTeam "Belgium"]
[Board "3"]
[Source "OlimpBase"]
[EventDate "1996.09.15"]
[PlyCount "175"]

1. d4 Nf6 2. c4 g6 3. Nc3 Bg7 4. e4 d6 5. Be2 O-O 6. Nf3 e5 7. O-O Qe8 8. d5
a5 9. Ne1 Na6 10. Nd3 Nd7 11. Be3 f5 12. f3 Qe7 13. a3 Nac5 14. Qc2 a4 15. Rae1
Qe8 16. Bd1 Nxd3 17. Qxd3 Nf6 18. Nb5 Qd7 19. exf5 gxf5 20. f4 Ng4 21. Bxg4
fxg4 22. fxe5 Rxf1+ 23. Rxf1 Bxe5 24. Bh6 Bg7 25. Qe3 Bxh6 26. Qxh6 Qe7
27. Nxc7 Ra5 28. Ne6 Bxe6 29. dxe6 Qg7 30. Qxg7+ Kxg7 31. Rf7+ Kg6 32. Rxb7 Re5
33. e7 Kf7 34. Kf2 Re4 35. Rb4 Rd4 36. Ke3 Rd1 37. Kf4 Rd2 38. Kg3 Kxe7
39. Rxa4 Rxb2 40. Ra7+ Kf6 41. Rxh7 Rc2 42. Rc7 Ra2 43. Rc8 Kf7 44. Rc7+ Kf6
45. Ra7 Rc2 46. Ra4 Kg5 47. h4+ gxh3 48. Kxh3 Kf5 49. g3 Rc3 50. Kh4 Rc2
51. g4+ Kf6 52. Rb4 Rh2+ 53. Kg3 Ra2 54. a4 Ke5 55. Rb5+ Ke6 56. a5 Rc2 57. a6
Ra2 58. Rb6 Ke5 59. Rc6 Ra1 60. Kf3 Ra3+ 61. Ke2 Kf4 62. Rxd6 Kxg4 63. c5 Kf5
64. c6 Rxa6 65. c7 Rxd6 66. c8=Q+ Ke5 67. Ke3 Kd5 68. Qb7+ Ke5 69. Qe4+ Kf6
70. Kf4 Re6 71. Qh7 Re7 72. Qh6+ Kf7 73. Kf5 Kg8 74. Qh5 Kg7 75. Qg4+ Kf7
76. Qh4 Kf8 77. Kf6 Rf7+ 78. Ke6 Kg8 79. Qd8+ Kg7 80. Qd4+ Kg8 81. Qe5 Rg7
82. Kf6 Kh7 83. Qe8 Rg3 84. Qh5+ Kg8 85. Qd5+ Kh7 86. Qb7+ Kh6 87. Qh1+ Rh3
88. Qxh3# 1-0

[Event "32nd olimpiad"]
[Site "Yerevan"]
[Date "1996.09.24"]
[Round "8"]
[White "Mohandesi, Shahin"]
[Black "Hmadi, Slaheddine"]
[Result "1/2-1/2"]
[WhiteElo "2355"]
[WhiteTitle "FM"]
[BlackElo "2320"]
[BlackTitle "IM"]
[WhiteTeam "Belgium"]
[BlackTeam "Tunisia"]
[Board "4"]
[Source "OlimpBase"]
[EventDate "1996.09.15"]
[PlyCount "125"]

1. d4 e6 2. Nf3 Nf6 3. c4 Bb4+ 4. Nbd2 d5 5. a3 Be7 6. e3 O-O 7. Be2 a5 8. b3
c5 9. O-O Nc6 10. dxc5 Bxc5 11. Bb2 Qe7 12. Qc2 Bd6 13. Rfd1 Rd8 14. g3 Bd7
15. Bf1 Be8 16. cxd5 exd5 17. Nh4 Bd7 18. Nf5 Bxf5 19. Qxf5 Be5 20. Bxe5 Qxe5
21. Qxe5 Nxe5 22. Rac1 Rac8 23. Bh3 Rc6 24. Rxc6 Nxc6 25. Nf3 Ne4 26. Bg2 Kf8
27. Nd4 Nc3 28. Nxc6 bxc6 29. Rd3 Nb5 30. a4 Na7 31. Kf1 Ke7 32. Ke2 f5 33. f3
g6 34. Kd2 Nc8 35. Rc3 Kd6 36. Bf1 Nb6 37. Be2 Re8 38. Rxc6+ Kxc6 39. Bb5+ Kc5
40. Bxe8 Nc8 41. Kc3 Nd6 42. Bd7 Nf7 43. Bb5 Ne5 44. Be2 Nc6 45. h4 Ne5 46. f4
Nd7 47. g4 fxg4 48. Bxg4 Nf6 49. Bf3 Ne8 50. Be2 Nf6 51. Bd3 Ng4 52. f5 gxf5
53. Bxf5 Nf6 54. Bd3 h6 55. Bf5 Ne8 56. Bc2 Nf6 57. Bf5 Ne8 58. Bb1 Nf6 59. Bc2
Ng4 60. Kd3 Ne5+ 61. Kc3 Ng4 62. Kd3 Ne5+ 63. Kc3 1/2-1/2